000 00949nam a22002897a 4500
003 CHAP
005 20220329134902.0
008 971013s1956 r 10010 d
010 _a27513
011 _a28485
035 _a32589
040 _cCHAP
082 _a637.1063
_bC65
111 0 0 _aCongreso Nacional de la Leche y sus Derivados (
_n1
_d: 1955
_c: México, D.F.)
_927073
245 _aPrimer congreso... del 7 al 12 de Nov. de 1955
260 _aMéxico, D.F. :
_b(s.e.),
_c1956
300 _a352 p.
_b: ilus.
590 _aBATCH-UPD
_b10
_c20130110
_lUCH01
_h0307
590 _aBATCH-UPD
_b10
_c20130409
_lUCH01
_h2338
590 _aBATCH-UPD
_b10
_c20130914
_lUCH01
_h1032
590 _aCONVERSION
_b10
_c20130109
_lUCH01
_h1316
650 1 4 _aLeche
_xCongresos.
_965364
901 _aBK
942 _cLIBRO
949 _a637.1063 C65
_bBC
_cBPA
_d-75902
_eBPA
_h24749
_i32589
_si
949 _a637.1063 C65
_bBC
_cBPA
_d-75904
_eBPA
_fc.2
_h24750
_i32589
_si
999 _c27513
_d27513